|
|
|
|
| LEADER |
02827nam a2200673 i 4500 |
| 001 |
nkc20183056462 |
| 003 |
CZ PrNK |
| 005 |
20190308235007.0 |
| 007 |
ta |
| 008 |
181114s2018 xr ach f c 001 0dcze |
| 015 |
|
|
|a cnb003056462
|
| 020 |
|
|
|a 978-80-904534-4-9
|q (Arbor vitae societas ;
|q vázáno)
|
| 020 |
|
|
|a 978-80-87405-47-5
|q (Galerie výtvarného umění v Ostravě ;
|q vázáno)
|
| 035 |
|
|
|a (OCoLC)1081384806
|
| 040 |
|
|
|a BOA001
|b cze
|e rda
|
| 041 |
0 |
|
|a cze
|b eng
|
| 043 |
|
|
|a e-xr---
|
| 045 |
|
|
|a x1x2
|
| 072 |
|
7 |
|a 72/76
|x Výtvarné umění
|2 Konspekt
|9 21
|
| 080 |
|
|
|a 72/76(437.3)
|2 MRF
|
| 080 |
|
|
|a 7.036/.038
|2 MRF
|
| 080 |
|
|
|a 001.83-027.22
|2 MRF
|
| 080 |
|
|
|a (437.3)
|2 MRF
|
| 080 |
|
|
|a (083.824)
|2 MRF
|
| 080 |
|
|
|a (048.8:082)
|2 MRF
|
| 245 |
0 |
0 |
|a V novém světě :
|b podmínky modernity 1917-1927 /
|c Karel Srp (ed.)
|
| 246 |
3 |
0 |
|a Podmínky modernity 1917-1927
|
| 250 |
|
|
|a Vydání první
|
| 264 |
|
1 |
|a V Řevnicích :
|b Arbor vitae societas ;
|a v Ostravě :
|b Galerie výtvarného umění v Ostravě,
|c 2018
|
| 300 |
|
|
|a 485 stran :
|b ilustrace (převážně barevné), portréty, faksimile ;
|c 29 cm
|
| 336 |
|
|
|a text
|b txt
|2 rdacontent
|
| 336 |
|
|
|a statický obraz
|b sti
|2 rdacontent
|
| 337 |
|
|
|a bez média
|b n
|2 rdamedia
|
| 338 |
|
|
|a svazek
|b nc
|2 rdacarrier
|
| 500 |
|
|
|a Vydáno u příležitosti výstavy V novém světě - Podmínky modernity 1917-1927, která se konala 28.9.2016 až 8.1.2017 v Domě umění v Ostravě
|
| 500 |
|
|
|a Chronologický přehled
|
| 504 |
|
|
|a Obsahuje bibliografii, bibliografické odkazy a rejstřík
|
| 546 |
|
|
|a Anglické resumé
|
| 648 |
|
4 |
|a 1917-1927
|
| 648 |
|
7 |
|a 20. století
|7 ch460558
|2 czenas
|
| 650 |
0 |
7 |
|a české výtvarné umění
|7 ph116865
|y 20. století
|2 czenas
|
| 650 |
0 |
7 |
|a moderní umění
|7 ph115340
|z Česko
|2 czenas
|
| 650 |
0 |
7 |
|a intelektuální život
|7 ph137688
|z Česko
|y 20. století
|2 czenas
|
| 650 |
0 |
9 |
|a Czech art
|y 20th century
|2 eczenas
|
| 650 |
0 |
9 |
|a modern art
|z Czechia
|2 eczenas
|
| 650 |
0 |
9 |
|a intellectual life
|z Czechia
|y 20th century
|2 eczenas
|
| 655 |
|
7 |
|a katalogy výstav
|7 fd132536
|2 czenas
|
| 655 |
|
7 |
|a kolektivní monografie
|7 fd501537
|2 czenas
|
| 655 |
|
9 |
|a exhibition catalogs
|2 eczenas
|
| 655 |
|
9 |
|a collective monographs
|2 eczenas
|
| 700 |
1 |
|
|a Srp, Karel,
|d 1958-
|7 jn20001103780
|4 edt
|
| 710 |
2 |
|
|a Dům umění (Ostrava, Česko)
|7 kn20050427017
|4 orm
|
| 856 |
4 |
1 |
|u http://www.digitalniknihovna.cz/mzk/uuid/uuid:550924d0-0fe9-11e9-a9e5-005056827e52
|y Digitalizovaný dokument
|x NDK
|
| 910 |
2 |
|
|a BOA001
|b 4-1415.950
|
| 990 |
|
|
|a BK
|
| 995 |
|
|
|a 01
|
| 991 |
|
|
|b 201811
|c NOV
|
| 996 |
6 |
|
|b 2610761362
|c 4-1415.950
|l MZK
|r Sklad / do 1 hodiny
|n 8
|p p.v.
|w 001695215
|u 000010
|a 1
|e BOA001
|j MZK50
|s P
|
| 996 |
6 |
|
|b 2610764369
|c 4-1415.950
|l MZK
|r HSS 4p
|n 0
|p kup
|h 75/76 SRP
|w 001695215
|u 000020
|a 0
|e BOA001
|j MZK50
|s P
|